Prévenir les crises : Ces Cassandres qu'il faut savoir écouter (notice n° 2095553)

détails MARC
000 -LEADER
fixed length control field 02061cam a2200157 4500500
005 - DATE AND TIME OF LATEST TRANSACTION
control field 20260405011531.0
041 ## - LANGUAGE CODE
Language code of text/sound track or separate title fre
042 ## - AUTHENTICATION CODE
Authentication code dc
100 10 - MAIN ENTRY--PERSONAL NAME
Personal name Portal, Thierry
Relator term author
245 00 - TITLE STATEMENT
Title Prévenir les crises : Ces Cassandres qu'il faut savoir écouter
260 ## - PUBLICATION, DISTRIBUTION, ETC.
Name of publisher, distributor, etc. Armand Colin,<br/>
Date of publication, distribution, etc. 2013.<br/>
520 ## - SUMMARY, ETC.
Summary, etc. Depuis peu, nous sommes entrés dans le temps de l’accélération des crises et des ruptures : économiques, sanitaires, écologiques, financières, politiques, sociales, stratégiques... Avec une nouvelle interrogation, urgente à résoudre : les crises peuvent-elles réellement se prévoir ? À travers la notion de « signaux faibles », annonciateurs des crises à venir, les deux auteurs ont choisi d’ouvrir savoirs et pratiques à un large public. Existent-ils, ces présages, comme le prétendent experts ou médias après que les crises ont surgi ? Comment peut-on déceler ces signaux, les reconnaître et, surtout, les intégrer dans l’organisation des États, des sociétés, des entreprises ? Est-ce seulement souhaitable ? Quel sort réservons-nous à ceux qui décèlent précocement les crises à venir, ces Cassandres des temps modernes ? De la psychologie à la philosophie, des sciences politiques aux sciences humaines et sociales, une trentaine de grands témoins et d’experts de premier plan, francophones et internationaux, revisitent le mythe de Cassandre en ce début de XXIe siècle pour interroger le concept de signaux faibles sur les plans épistémologique, philosophique, mais aussi pratique et opérationnel : pertinence, domaines d’application, acteurs et outils, enjeux et perspectives, bonnes pratiques... Prix EFMD-FNEGE (European Foundation for Management Development - Fondation Nationale pour l'Enseignement de la Gestion des Entreprises) du meilleur ouvrage de management en 2014
700 10 - ADDED ENTRY--PERSONAL NAME
Personal name Roux-Dufort, Christiphe
Relator term author
700 10 - ADDED ENTRY--PERSONAL NAME
Personal name Roux-Dufort, Christophe
Relator term author
856 41 - ELECTRONIC LOCATION AND ACCESS
Uniform Resource Identifier <a href="https://shs.cairn.info/prevenir-les-crises--9782200287436?lang=fr&redirect-ssocas=7080">https://shs.cairn.info/prevenir-les-crises--9782200287436?lang=fr&redirect-ssocas=7080</a>

Pas d'exemplaire disponible.

PLUDOC

PLUDOC est la plateforme unique et centralisée de gestion des bibliothèques physiques et numériques de Guinée administré par le CEDUST. Elle est la plus grande base de données de ressources documentaires pour les Étudiants, Enseignants chercheurs et Chercheurs de Guinée.

Adresse

627 919 101/664 919 101

25 boulevard du commerce
Kaloum, Conakry, Guinée

Réseaux sociaux

Powered by Netsen Group @ 2025